Fitting, small tool making, lathe work and screw cutting / (Record no. 14367)
[ view plain ]
| 000 -LEADER | |
|---|---|
| fixed length control field | 00760nam a22002532 4500 |
| 001 - CONTROL NUMBER | |
| control field | 14367 |
| 003 - CONTROL NUMBER IDENTIFIER | |
| rucl marc code | BD RJUL |
| 005 - DATE AND TIME OF LATEST TRANSACTION | |
| control field | 20211208235621.0 |
| 008 - FIXED-LENGTH DATA ELEMENTS--GENERAL INFORMATION | |
| fixed length control field | 140205s1965 enka 000 0 eng |
| 035 ## - SYSTEM CONTROL NUMBER | |
| System control number | BD RJUL 14419 |
| 040 ## - CATALOGING SOURCE | |
| Original cataloging agency | DLC |
| Transcribing agency | CLE |
| Modifying agency | BD RJUL |
| Language of cataloging | eng |
| 041 ## - LANGUAGE CODE | |
| Language code of text/sound track or separate title | eng |
| 082 ## - DEWEY DECIMAL CLASSIFICATION NUMBER | |
| Classification number | 621.9 |
| Author mark and year | LEF 1965 |
| 100 1# - MAIN ENTRY--PERSONAL NAME | |
| Personal name | Leeson, A. E. |
| Fuller form of name | (Albert Edward) |
| 9 (RLIN) | 44834 |
| 245 10 - TITLE STATEMENT | |
| Title | Fitting, small tool making, lathe work and screw cutting / |
| Statement of responsibility, etc. | by A. E. Leeson and Peter Sampson. |
| 260 ## - PUBLICATION, DISTRIBUTION, ETC. (IMPRINT) | |
| Place of publication, distribution, etc. | London : |
| Name of publisher, distributor, etc. | Sir I. Pitman & sons, ltd., |
| Date of publication, distribution, etc. | 1965. |
| 300 ## - PHYSICAL DESCRIPTION | |
| Pagination | 128 p. : |
| Illustrations | illus., diagrs. ; |
| Size | 22 cm. |
| 650 #0 - SUBJECT ADDED ENTRY--TOPICAL TERM | |
| Topical term or geographic name as entry element | Tools. |
| 9 (RLIN) | 44835 |
| Topical term or geographic name as entry element | Metal-work. |
| 9 (RLIN) | 44836 |
| 700 1# - ADDED ENTRY--PERSONAL NAME | |
| Personal name | Sampson, P. |
| Fuller form of name | (Peter) |
| 942 ## - ADDED ENTRY ELEMENTS (KOHA) | |
| Source of classification or shelving scheme | Dewey Decimal Classification |
| Koha item type | Books |
| Lost status | Source of classification or shelving scheme | Damaged status | Not for loan | Collection code | Permanent Location | Current Location | Shelving location | Date acquired | Source of acquisition | Cost, normal purchase price | Total Checkouts | Full call number | Date last seen | Copy number | Koha item type |
|---|---|---|---|---|---|---|---|---|---|---|---|---|---|---|---|
| Dewey Decimal Classification | Not For Loan | Non-fiction | Central Library, University of Rajshahi | Central Library, University of Rajshahi | Reading Room | 25/08/1973 | Continental pub. | 11.50 | 621.9 LEF 1965 | 05/02/2014 | C-1 | Books |